Statistics for Cities That Beat Los Angeles

Click here to take the quiz!

General Stats

  • This quiz has been taken 67 times
  • The average score is 12 of 14

Answer Stats

RankCategoryCities% Correct
2Busiest U.S. airportAtlanta
98%
6Most populous city that isn't a capitalGuangzhou | Shanghai | Mumbai |
New York City | São Paulo | Lagos
98%
3Most populous urban area
in North America
Mexico City | New York City
98%
2Most populous urban area
in United States
New York City
98%
10Most expensive
(Source)
Zurich | San Francisco | New York City | Geneva |
London | Hong Kong | Oslo | Bern | Washington D.C.
97%
5Most Skyscrapers in USANew York City | Chicago | Miami | Houston
93%
4Most expensive in North AmericaSan Frnacisco | New York City | Washington D.C.
92%
3Most Olympics HostedLondon | Innsbruck
86%
55m city closest to GuadalajaraMexico | Monterrey | Houston | Dallas
86%
3A city with a population of over 3
million located further west
Seattle | San Francisco
83%
2Most populated urban area start
with the letter L
Lagos
78%
8Fastest growing U.S. city
(Source)
San Antonio | Fort Worth | Houston | Phoenix | Charlotte |
Austin
76%
2Most populous 10-letter urban areaMexico City
49%
2World's city with the most homeless peopleManila
19%

Score Distribution

Percentile by Number Answered

Percent of People with Each Score

Your Score History

You have not taken this quiz